[Event "XVII. DBMM Schach"]
[Site "Berlin"]
[Date "2017.11.02"]
[Round "2.4"]
[White "Buescher, Henrik"]
[Black "Broksch, Dirk"]
[Result "1/2-1/2"]
[WhiteElo "2112"]
[BlackElo "1902"]
[Annotator "br"]
[PlyCount "46"]
[EventDate "2017.??.??"]
[EventType "team-swiss"]
[EventRounds "7"]
[EventCountry "GER"]
[SourceTitle "XVII. DBMM 2017"]
[Source "FV Schach e.V."]
[SourceDate "2018.05.26"]
[SourceVersion "1"]
[SourceVersionDate "2018.05.26"]
[SourceQuality "1"]
[WhiteTeam "AGI Frankfurt"]
[BlackTeam "RWE Essen"]
[WhiteTeamCountry "GER"]
[BlackTeamCountry "GER"]

1. d4 Nf6 2. e3 d5 3. f4 Bf5 4. Nf3 e6 5. c3 Nbd7 6. Be2 Be7 7. O-O c5 8. Ne5
Nxe5 9. dxe5 Nd7 10. Nd2 h6 11. Kh1 Bh7 12. Nf3 Qc7 13. c4 dxc4 14. Bxc4 O-O-O
15. Qe1 Nb6 16. Be2 Be4 17. Bd2 Kb8 18. Ba5 Rc8 19. Nd2 Qc6 20. Nxe4 Qxe4 21.
Bf3 Qa4 22. b3 Qa3 23. Bxb6 axb6 1/2-1/2

[Event "XVII. DBMM Schach"]
[Site "Berlin"]
[Date "2017.11.02"]
[Round "2.1"]
[White "Michel, Steffen"]
[Black "Thiede, Lars"]
[Result "0-1"]
[WhiteElo "2237"]
[BlackElo "2433"]
[Annotator "br"]
[PlyCount "102"]
[EventDate "2017.??.??"]
[EventType "team-swiss"]
[EventRounds "7"]
[EventCountry "GER"]
[SourceTitle "XVII. DBMM 2017"]
[Source "FV Schach e.V."]
[SourceDate "2018.05.26"]
[SourceVersion "1"]
[SourceVersionDate "2018.05.26"]
[SourceQuality "1"]
[WhiteTeam "Deutsche Bahn/BSW Berlin II"]
[BlackTeam "BA Tempelhof Berlin"]
[WhiteTeamCountry "GER"]
[BlackTeamCountry "GER"]

1. d4 d6 2. e4 Nf6 3. Nc3 e5 4. dxe5 dxe5 5. Qxd8+ Kxd8 6. Bg5 c6 7. Nge2 Be7
8. Ng3 g6 9. h4 h6 10. Bd2 h5 11. Bc4 Ke8 12. a4 a5 13. Nd1 Nbd7 14. Ne3 Nc5
15. f3 Nfd7 16. Ne2 Nb6 17. Nc3 Ne6 18. Bxe6 Bxe6 19. g3 Bc5 20. b3 Ke7 21. Ke2
Rhd8 22. Rhd1 Bb4 23. Be1 Rd4 24. Na2 Bxe1 25. Kxe1 Rad8 26. Nc1 Rxd1+ 27. Nxd1
f5 28. Nf2 fxe4 29. fxe4 Nd7 30. Ncd3 Rg8 31. Ke2 g5 32. Rh1 Kd6 33. Rd1 gxh4
34. gxh4 Ke7 35. Rb1 c5 36. Nb2 Rg3 37. Nbd1 Bg4+ 38. Kd2 Rg2 39. Ke3 Nf6 40.
Kd3 Be6 41. Ke3 Rh2 42. Nc3 Rxh4 43. Nd3 Ng4+ 44. Kd2 Rh2+ 45. Ne2 Kd6 46. Rf1
Ke7 47. Rf3 h4 48. Ke1 h3 49. Nf2 Nxf2 50. Rxf2 Rxf2 51. Kxf2 c4 0-1

[Event "XVII. DBMM Schach"]
[Site "Berlin"]
[Date "2017.11.02"]
[Round "2.2"]
[White "Schildt, Rene"]
[Black "Jauk, Wilhelm"]
[Result "1-0"]
[WhiteElo "2112"]
[BlackElo "2132"]
[Annotator "br"]
[PlyCount "67"]
[EventDate "2017.??.??"]
[EventType "team-swiss"]
[EventRounds "7"]
[EventCountry "GER"]
[SourceTitle "XVII. DBMM 2017"]
[Source "FV Schach e.V."]
[SourceDate "2018.05.26"]
[SourceVersion "1"]
[SourceVersionDate "2018.05.26"]
[SourceQuality "1"]
[WhiteTeam "BA Tempelhof Berlin"]
[BlackTeam "Deutsche Bahn/BSW Berlin II"]
[WhiteTeamCountry "GER"]
[BlackTeamCountry "GER"]

1. e4 e5 2. Nf3 Nf6 3. Nxe5 d6 4. Nf3 Nxe4 5. Nc3 Nxc3 6. dxc3 Be7 7. Bf4 O-O
8. Qd2 Nc6 9. O-O-O Be6 10. Kb1 a6 11. Ng5 Bxg5 12. Bxg5 Qd7 13. h4 b5 14. h5
f6 15. Bf4 Qf7 16. b3 Ne5 17. Be2 Rab8 18. f3 a5 19. g4 a4 20. g5 fxg5 21. Bxe5
dxe5 22. h6 g6 23. Rhg1 Bf5 24. Kb2 axb3 25. axb3 Qe7 26. Qd5+ Kh8 27. Bxb5
Rfd8 28. Qc6 Rd6 29. Rxd6 cxd6 30. Ra1 Rd8 31. Qb6 Be6 32. Ra7 Qf8 33. Qc7 Qg8
34. Qe7 1-0

[Event "XVII. DBMM Schach"]
[Site "Berlin"]
[Date "2017.11.02"]
[Round "2.3"]
[White "Kuhne, Detlev"]
[Black "Petenev, Yuriy"]
[Result "1/2-1/2"]
[WhiteElo "2136"]
[BlackElo "1959"]
[Annotator "br"]
[PlyCount "95"]
[EventDate "2017.??.??"]
[EventType "team-swiss"]
[EventRounds "7"]
[EventCountry "GER"]
[SourceTitle "XVII. DBMM 2017"]
[Source "FV Schach e.V."]
[SourceDate "2018.05.26"]
[SourceVersion "1"]
[SourceVersionDate "2018.05.26"]
[SourceQuality "1"]
[WhiteTeam "Deutsche Bahn/BSW Berlin II"]
[BlackTeam "BA Tempelhof Berlin"]
[WhiteTeamCountry "GER"]
[BlackTeamCountry "GER"]

1. c4 d5 2. cxd5 Qxd5 3. Nc3 Qd8 4. g3 g6 5. Bg2 Bg7 6. Nf3 Nf6 7. O-O O-O 8.
d4 c6 9. e4 Bg4 10. Be3 Nbd7 11. e5 Nd5 12. Nxd5 cxd5 13. Qb3 Nb6 14. Rfc1 Qd7
15. Nd2 Rfc8 16. Bf1 Qa4 17. Bd3 Rxc1+ $11 18. Rxc1 Rc8 19. Rxc8+ Bxc8 20. Qxa4
Nxa4 21. b3 Nb6 22. Nb1 Bf5 23. Bxf5 gxf5 24. Bd2 e6 25. Bb4 Nd7 26. Bd6 Bf8
27. Bxf8 Kxf8 28. f3 f6 29. f4 fxe5 30. fxe5 Nb8 31. Kf2 Nc6 32. Ke3 b5 33. Nc3
a6 34. Ne2 b4 35. Nf4 Kf7 36. Nd3 a5 37. Nc5 Nd8 38. Na6 Kg6 39. Nc7 Kg5 40.
Kf3 h5 41. h3 h4 42. gxh4+ Kxh4 43. Kg2 f4 44. Kf3 Kxh3 45. Kxf4 Kh4 46. Ne8
Kh5 47. Nc7 Kg6 48. Kg4 1/2-1/2

[Event "XVII. DBMM Schach"]
[Site "Berlin"]
[Date "2017.11.02"]
[Round "2.4"]
[White "Kettenburg, Stefan"]
[Black "Rollwitz, Juergen"]
[Result "1-0"]
[WhiteElo "2063"]
[BlackElo "1936"]
[Annotator "br"]
[PlyCount "163"]
[EventDate "2017.??.??"]
[EventType "team-swiss"]
[EventRounds "7"]
[EventCountry "GER"]
[SourceTitle "XVII. DBMM 2017"]
[Source "FV Schach e.V."]
[SourceDate "2018.05.26"]
[SourceVersion "1"]
[SourceVersionDate "2018.05.26"]
[SourceQuality "1"]
[WhiteTeam "BA Tempelhof Berlin"]
[BlackTeam "Deutsche Bahn/BSW Berlin II"]
[WhiteTeamCountry "GER"]
[BlackTeamCountry "GER"]

1. d4 Nf6 2. c4 d6 3. Nc3 e5 4. Bg5 Be7 5. Nf3 exd4 6. Nxd4 h6 7. Bh4 c6 8. Qc2
Na6 9. a3 O-O 10. e3 Nc7 11. Be2 d5 12. Rd1 Qe8 13. Bg3 Ne6 14. cxd5 Nxd4 15.
Rxd4 Nxd5 16. Nxd5 cxd5 17. Rxd5 Be6 18. Rd2 Rc8 19. Qd1 Qc6 20. O-O Rfd8 21.
Be5 Rxd2 22. Qxd2 Rd8 23. Qc3 Qxc3 24. Bxc3 Bb3 25. Bd4 b6 26. Rc1 Bd6 27. Bg4
Kf8 28. Rc8 Rxc8 29. Bxc8 f6 30. f4 Bc5 31. Bxc5+ bxc5 32. e4 Ke7 33. Kf2 Kd6
34. Ke3 a5 35. Kd3 g5 36. g3 gxf4 37. gxf4 Bf7 38. Ba6 Be6 39. Bc4 Bd7 40. Ke3
Bg4 41. Kf2 Bd1 42. Kg3 Bh5 43. Kf2 Be8 44. Be2 Bc6 45. Bf3 Bd7 46. Kg3 Be6 47.
Kh4 Bf7 48. Kg4 Ke6 49. Be2 f5+ 50. exf5+ Kf6 51. Bd3 Be8 52. Be4 Bf7 53. Kf3
Bc4 54. Ke3 Bb5 55. Kd2 Bc4 56. Kc3 Bf7 57. Bd3 Bd5 58. Bc4 Bc6 59. Be6 Bb5 60.
Kb3 Ke7 61. Bc8 Kf6 62. Kc3 Be2 63. Kd2 Bc4 64. Be6 Bb5 65. Ke3 Bc6 66. Kd3
Bb5+ 67. Kc3 Ke7 68. b3 Kf6 69. Bc4 Bd7 70. Bd3 Bc8 71. Kd2 h5 72. h4 Bxf5 73.
Bxf5 Kxf5 74. Ke3 Kg4 75. Ke4 Kxh4 76. f5 Kg5 77. Ke5 a4 78. bxa4 c4 79. f6 c3
80. f7 c2 81. f8=Q c1=Q 82. Qf5+ 1-0

[Event "XVII. DBMM Schach"]
[Site "Berlin"]
[Date "2017.11.02"]
[Round "2.1"]
[White "Gohla, Ulf"]
[Black "Jacob, Volker"]
[Result "0-1"]
[WhiteElo "2171"]
[BlackElo "2233"]
[Annotator "br"]
[PlyCount "70"]
[EventDate "2017.??.??"]
[EventType "team-swiss"]
[EventRounds "7"]
[EventCountry "GER"]
[SourceTitle "XVII. DBMM 2017"]
[Source "FV Schach e.V."]
[SourceDate "2018.05.26"]
[SourceVersion "1"]
[SourceVersionDate "2018.05.26"]
[SourceQuality "1"]
[WhiteTeam "Vodafone"]
[BlackTeam "Wiley United Weinheim"]
[WhiteTeamCountry "GER"]
[BlackTeamCountry "GER"]

1. d4 Nf6 2. c4 c5 3. d5 e6 4. Nc3 exd5 5. cxd5 d6 6. Nf3 g6 7. Qa4+ Nbd7 8.
Bf4 Be7 9. Bh6 a6 10. e3 Rb8 11. Be2 b5 12. Qb3 Ng4 13. Bf4 O-O 14. O-O Bb7 15.
a4 bxa4 16. Qxa4 Nb6 17. Qb3 Nf6 18. e4 Re8 19. Ra3 Bf8 20. Nd2 Bxd5 21. exd5
Nbxd5 22. Qc4 Nxf4 23. Qxf4 Rxb2 24. Bf3 Rb4 25. Qg5 Re5 26. Qg3 Bh6 27. Nde4
Nxe4 28. Nxe4 Rexe4 29. Bxe4 Rxe4 30. Rd1 Bf4 31. Qf3 Qe7 32. g3 Re1+ 33. Kg2
Rxd1 34. Qxd1 Be5 35. Rxa6 Qb7+ 0-1

[Event "XVII. DBMM Schach"]
[Site "Berlin"]
[Date "2017.11.02"]
[Round "2.2"]
[White "Spiegel, Stefan"]
[Black "Scheffner, Axel"]
[Result "1/2-1/2"]
[WhiteElo "2144"]
[BlackElo "2249"]
[Annotator "br"]
[PlyCount "67"]
[EventDate "2017.??.??"]
[EventType "team-swiss"]
[EventRounds "7"]
[EventCountry "GER"]
[SourceTitle "XVII. DBMM 2017"]
[Source "FV Schach e.V."]
[SourceDate "2018.05.26"]
[SourceVersion "1"]
[SourceVersionDate "2018.05.26"]
[SourceQuality "1"]
[WhiteTeam "Wiley United Weinheim"]
[BlackTeam "Vodafone"]
[WhiteTeamCountry "GER"]
[BlackTeamCountry "GER"]

1. e4 c6 2. d4 d5 3. Nd2 dxe4 4. Nxe4 Nf6 5. Nxf6+ gxf6 6. Ne2 h5 7. h4 Bf5 8.
Ng3 Bg6 9. Be2 e6 10. c3 c5 11. Be3 cxd4 12. Qxd4 Nc6 13. Bb5 Be7 14. Rd1 Qxd4
15. Rxd4 Bc5 16. Rc4 Bxe3 17. fxe3 Rc8 18. Kf2 Ke7 19. Bxc6 Rxc6 20. Rxc6 bxc6
21. Rd1 c5 22. Kf3 Bc2 23. Rd2 Ba4 24. Ne2 Bc6+ 25. Kf2 e5 26. c4 Rg8 27. g3 a5
28. b3 f5 29. Nc3 Rc8 30. Nd5+ Ke6 31. Nc3 Rb8 32. Nd5 Rb7 33. Nc3 Rb8 34. Nd5
1/2-1/2

[Event "XVII. DBMM Schach"]
[Site "Berlin"]
[Date "2017.11.02"]
[Round "2.3"]
[White "Tochtrop, Matthias"]
[Black "Calder, Dennis"]
[Result "1/2-1/2"]
[WhiteElo "2173"]
[BlackElo "1930"]
[Annotator "br"]
[PlyCount "42"]
[EventDate "2017.??.??"]
[EventType "team-swiss"]
[EventRounds "7"]
[EventCountry "GER"]
[SourceTitle "XVII. DBMM 2017"]
[Source "FV Schach e.V."]
[SourceDate "2018.05.26"]
[SourceVersion "1"]
[SourceVersionDate "2018.05.26"]
[SourceQuality "1"]
[WhiteTeam "Vodafone"]
[BlackTeam "Wiley United Weinheim"]
[WhiteTeamCountry "GER"]
[BlackTeamCountry "GER"]

1. e4 e5 2. Nc3 Nf6 3. g3 Bc5 4. Bg2 c6 5. Nge2 O-O 6. O-O d5 7. exd5 cxd5 8.
d4 exd4 9. Nxd4 Nc6 10. Nb3 Bg4 11. Qd2 Bb4 12. Qf4 Bd6 13. Qa4 Nb4 14. Nd4 Qb6
15. Be3 Bc5 16. a3 Bxd4 17. Bxd4 Qxd4 18. Qxb4 Qxb4 19. axb4 Rfd8 20. Rfe1 Kf8
21. Nb5 a6 1/2-1/2

[Event "XVII. DBMM Schach"]
[Site "Berlin"]
[Date "2017.11.02"]
[Round "2.4"]
[White "Hartmann, Matthias"]
[Black "Limbourg, Marina"]
[Result "1/2-1/2"]
[WhiteElo "1849"]
[BlackElo "2018"]
[Annotator "br"]
[PlyCount "64"]
[EventDate "2017.??.??"]
[EventType "team-swiss"]
[EventRounds "7"]
[EventCountry "GER"]
[SourceTitle "XVII. DBMM 2017"]
[Source "FV Schach e.V."]
[SourceDate "2018.05.26"]
[SourceVersion "1"]
[SourceVersionDate "2018.05.26"]
[SourceQuality "1"]
[WhiteTeam "Wiley United Weinheim"]
[BlackTeam "Vodafone"]
[WhiteTeamCountry "GER"]
[BlackTeamCountry "GER"]

1. Nf3 Nf6 2. d4 g6 3. c4 Bg7 4. Nc3 d5 5. e3 O-O 6. Be2 dxc4 7. Bxc4 c5 8. O-O
Bg4 9. h3 cxd4 10. exd4 Bxf3 11. Qxf3 Qxd4 12. Qxb7 Nbd7 13. Be2 Rab8 14. Qa6
Qb6 15. Qa3 e6 16. Rb1 Nd5 17. Nxd5 exd5 18. b3 Rbc8 19. Bg4 f5 20. Bf3 Nf6 21.
Bb2 d4 22. Rfe1 d3 23. Re7 Rc2 24. Bd5+ Kh8 25. Rxg7 Qxf2+ 26. Kh1 Kxg7 27.
Qe7+ Kh6 28. Qxf8+ Kh5 29. Qxf6 d2 30. g4+ Kh6 31. Qg7+ Kg5 32. Qf6+ Kh6
1/2-1/2

[Event "XVII. DBMM Schach"]
[Site "Berlin"]
[Date "2017.11.02"]
[Round "2.1"]
[White "Haenisch, Uwe"]
[Black "Hoffmann, Hendrik"]
[Result "0-1"]
[WhiteElo "2195"]
[BlackElo "2281"]
[Annotator "br"]
[PlyCount "94"]
[EventDate "2017.??.??"]
[EventType "team-swiss"]
[EventRounds "7"]
[EventCountry "GER"]
[SourceTitle "XVII. DBMM 2017"]
[Source "FV Schach e.V."]
[SourceDate "2018.05.26"]
[SourceVersion "1"]
[SourceVersionDate "2018.05.26"]
[SourceQuality "1"]
[WhiteTeam "Deutsche Bahn/BSW Frankurt/M"]
[BlackTeam "le-tex GmbH Leipzig"]
[WhiteTeamCountry "GER"]
[BlackTeamCountry "GER"]

1. e4 d6 2. Nc3 g6 3. g3 Bg7 4. Bg2 Nf6 5. d3 O-O 6. h3 Nc6 7. Nge2 a6 8. O-O
Rb8 9. Rb1 b5 10. a3 Bb7 11. f4 e6 12. g4 Ne7 13. Ng3 d5 14. f5 exf5 15. g5
Nxe4 16. dxe4 fxe4 17. Bf4 e3 18. Qe2 d4 19. Nce4 Nd5 20. Nf6+ Nxf6 21. gxf6
Bxf6 22. Bxb7 Rxb7 23. Qg4 Bg7 24. Ne2 c5 25. Rbd1 Rd7 26. Bg5 Qc8 27. Bf6 Qc6
28. Qh4 Re8 29. Bxg7 Kxg7 30. b4 cxb4 31. Rxd4 bxa3 32. Rxd7 Qxd7 33. Qf6+ Kg8
34. Kg2 Re6 35. Qf3 b4 36. Nf4 Qd2+ 37. Kg3 Rf6 38. Rd1 Qxc2 39. Rd8+ Kg7 40.
Qxe3 Qc7 41. Rd4 g5 42. Kg2 Rxf4 43. Rd5 h6 44. Rd3 a2 45. Qe1 Qc2+ 46. Rd2
Qxd2+ 47. Qxd2 a1=Q 0-1

[Event "XVII. DBMM Schach"]
[Site "Berlin"]
[Date "2017.11.02"]
[Round "2.2"]
[White "Heinrich, Thomas"]
[Black "Kopp, Jan"]
[Result "1-0"]
[WhiteElo "2215"]
[BlackElo "2042"]
[Annotator "br"]
[PlyCount "81"]
[EventDate "2017.??.??"]
[EventType "team-swiss"]
[EventRounds "7"]
[EventCountry "GER"]
[SourceTitle "XVII. DBMM 2017"]
[Source "FV Schach e.V."]
[SourceDate "2018.05.26"]
[SourceVersion "1"]
[SourceVersionDate "2018.05.26"]
[SourceQuality "1"]
[WhiteTeam "le-tex GmbH Leipzig"]
[BlackTeam "Deutsche Bahn/BSW Frankurt/M"]
[WhiteTeamCountry "GER"]
[BlackTeamCountry "GER"]

1. d4 Nf6 2. Nf3 c5 3. c3 b6 4. Bf4 Bb7 5. e3 e6 6. Nbd2 Be7 7. h3 O-O 8. Bd3
cxd4 9. exd4 Nd5 10. Bh2 f5 11. Qe2 Nc6 12. Nc4 f4 13. a3 Qc8 14. Ncd2 d6 15.
O-O Qd7 16. Rfe1 Nc7 17. Rad1 Rae8 18. b4 Nd8 19. c4 Qc8 20. Nb3 Qa8 21. Nbd2
a5 22. Ra1 e5 23. dxe5 Bf6 24. Ne4 Bxe5 25. Nxe5 Rxe5 26. f3 Re6 27. Qd2 Nc6
28. Ng5 Rxe1+ 29. Rxe1 Ne5 30. Bxh7+ Kh8 31. Be4 Nxc4 32. Bxb7 Nxd2 33. Bxa8
Nxa8 34. Bxf4 Nc4 35. Re7 Nxa3 36. bxa5 bxa5 37. Bxd6 Nc4 38. Bc5 Rc8 39. Bd4
a4 40. Rxg7 Nab6 41. Nf7# 1-0

[Event "XVII. DBMM Schach"]
[Site "Berlin"]
[Date "2017.11.02"]
[Round "2.3"]
[White "Thomas, Mario"]
[Black "Schreiter, Thomas"]
[Result "1/2-1/2"]
[WhiteElo "2059"]
[BlackElo "2016"]
[Annotator "br"]
[PlyCount "86"]
[EventDate "2017.??.??"]
[EventType "team-swiss"]
[EventRounds "7"]
[EventCountry "GER"]
[SourceTitle "XVII. DBMM 2017"]
[Source "FV Schach e.V."]
[SourceDate "2018.05.26"]
[SourceVersion "1"]
[SourceVersionDate "2018.05.26"]
[SourceQuality "1"]
[WhiteTeam "Deutsche Bahn/BSW Frankurt/M"]
[BlackTeam "le-tex GmbH Leipzig"]
[WhiteTeamCountry "GER"]
[BlackTeamCountry "GER"]

1. e4 e6 2. d4 d5 3. Nc3 Nf6 4. Bg5 Bb4 5. e5 h6 6. Bd2 Bxc3 7. bxc3 Ne4 8. Bd3
Nxd2 9. Qxd2 c5 10. Nh3 Nc6 11. Bb5 Bd7 12. Bxc6 Bxc6 13. O-O Qe7 14. Nf4 O-O-O
15. a4 h5 16. Nd3 c4 17. Nb4 Be8 18. Rfb1 a5 19. Na2 Qc7 20. Nc1 f6 21. Qe3 Rf8
22. Ne2 f5 23. Qg5 f4 24. Nxf4 Rf5 25. Qg3 h4 26. Qe3 Qf7 27. Nh3 Bc6 28. Rf1
Rf8 29. Ng5 Qd7 30. f4 Kc7 31. Qh3 Rh8 32. g4 Rxg5 33. fxg5 Bxa4 34. g6 Qe8 35.
Rf7+ Kc8 36. g5 Bxc2 37. Rxa5 Kb8 38. Qf1 Qd8 39. Rb5 Qxg5+ 40. Qg2 Qe3+ 41.
Qf2 Qc1+ 42. Qf1 Qg5+ 43. Qg2 Qe3+ 1/2-1/2

[Event "XVII. DBMM Schach"]
[Site "Berlin"]
[Date "2017.11.02"]
[Round "2.4"]
[White "Hartmann, Uwe"]
[Black "Fernengel, Rudolf"]
[Result "1-0"]
[WhiteElo "1964"]
[BlackElo "1789"]
[Annotator "br"]
[PlyCount "65"]
[EventDate "2017.??.??"]
[EventType "team-swiss"]
[EventRounds "7"]
[EventCountry "GER"]
[SourceTitle "XVII. DBMM 2017"]
[Source "FV Schach e.V."]
[SourceDate "2018.05.26"]
[SourceVersion "1"]
[SourceVersionDate "2018.05.26"]
[SourceQuality "1"]
[WhiteTeam "le-tex GmbH Leipzig"]
[BlackTeam "Deutsche Bahn/BSW Frankurt/M"]
[WhiteTeamCountry "GER"]
[BlackTeamCountry "GER"]

1. e4 d6 2. d4 g6 3. Nf3 Bg7 4. c4 c5 5. d5 Nf6 6. Nc3 Nbd7 7. Qc2 a6 8. Bd3
Ng4 9. O-O O-O 10. Bg5 f6 11. Bd2 Nge5 12. Nxe5 Nxe5 13. f4 Nxd3 14. Qxd3 f5
15. Rae1 fxe4 16. Qxe4 Bf6 17. h3 Bf5 18. Qf3 h5 19. g4 hxg4 20. hxg4 Bd7 21.
Re2 Qc8 22. Rg2 Bd4+ 23. Kh1 Kg7 24. Rg3 e6 25. Ne4 exd5 26. cxd5 Qd8 27. Kg2
Bb5 28. Rh1 Bf6 29. Bc3 Bc4 30. Nxf6 Rxf6 31. g5 Qg8 32. Bxf6+ Kf8 33. Rh8 1-0

[Event "XVII. DBMM Schach"]
[Site "Berlin"]
[Date "2017.11.02"]
[Round "2.1"]
[White "Gottschalk, Jens"]
[Black "Bohnhoff, Peter"]
[Result "1/2-1/2"]
[WhiteElo "2268"]
[BlackElo "2042"]
[Annotator "br"]
[PlyCount "67"]
[EventDate "2017.??.??"]
[EventType "team-swiss"]
[EventRounds "7"]
[EventCountry "GER"]
[SourceTitle "XVII. DBMM 2017"]
[Source "FV Schach e.V."]
[SourceDate "2018.05.26"]
[SourceVersion "1"]
[SourceVersionDate "2018.05.26"]
[SourceQuality "1"]
[WhiteTeam "R+V Versicherung Wiesbaden"]
[BlackTeam "Europäisches Patentamt Muenchen"]
[WhiteTeamCountry "GER"]
[BlackTeamCountry "GER"]

1. d4 f5 2. e4 fxe4 3. Nc3 Nf6 4. Bg5 c6 5. f3 e3 6. Bxe3 d5 7. Bd3 e6 8. g4
Bd6 9. f4 g6 10. h4 e5 11. fxe5 Nxg4 12. Qd2 Be7 13. O-O-O O-O 14. Rf1 Rxf1+
15. Bxf1 Nxe3 16. Qxe3 Nd7 17. Nf3 Nf8 18. Bd3 Bg4 19. Ng5 Qd7 20. Qf4 Bxg5 21.
Qxg5 Bf3 22. Rf1 Ne6 23. Qg3 Bh5 24. Qe3 Rf8 25. Rxf8+ Kxf8 26. Ne2 Bxe2 27.
Bxe2 Qf7 28. Kd2 Kg7 29. Bg4 Kf8 30. Qa3+ Kg7 31. Bxe6 Qf2+ 32. Kd1 Qf1+ 33.
Kd2 Qf2+ 34. Kd1 1/2-1/2

[Event "XVII. DBMM Schach"]
[Site "Berlin"]
[Date "2017.11.02"]
[Round "2.2"]
[White "Bumes, Konrad"]
[Black "Seidler, Lukas"]
[Result "1-0"]
[WhiteElo "1933"]
[BlackElo "2185"]
[Annotator "br"]
[PlyCount "87"]
[EventDate "2017.??.??"]
[EventType "team-swiss"]
[EventRounds "7"]
[EventCountry "GER"]
[SourceTitle "XVII. DBMM 2017"]
[Source "FV Schach e.V."]
[SourceDate "2018.05.26"]
[SourceVersion "1"]
[SourceVersionDate "2018.05.26"]
[SourceQuality "1"]
[WhiteTeam "Europäisches Patentamt Muenchen"]
[BlackTeam "R+V Versicherung Wiesbaden"]
[WhiteTeamCountry "GER"]
[BlackTeamCountry "GER"]

1. d4 Nf6 2. Bg5 Ne4 3. Bf4 e6 4. Nd2 Bd6 5. Bxd6 Nxd6 6. e4 f5 7. Bd3 O-O 8.
Ngf3 b6 9. e5 Nf7 10. Qe2 Bb7 11. O-O Nc6 12. c3 Ne7 13. Ba6 Bxa6 14. Qxa6 g5
15. Qe2 Ng6 16. g3 h5 17. Ne1 h4 18. Nd3 Kg7 19. f4 Rh8 20. g4 Nh6 21. gxf5
exf5 22. fxg5 Qxg5+ 23. Kh1 h3 24. Rg1 Ng4 25. Nf3 Qh5 26. Raf1 Raf8 27. Qd2
Kf7 28. Ng5+ Ke7 29. Nf4 Nxf4 30. Qxf4 Rhg8 31. Nf3 Rf7 32. d5 Kd8 33. Nd4 Rgf8
34. e6 Rf6 35. exd7 Kxd7 36. Ne6 Rc8 37. Rxg4 fxg4 38. Qa4+ Ke7 39. Qa3+ c5 40.
Qxa7+ Kd6 41. Qxb6+ Ke5 42. Re1+ Kxd5 43. c4+ Kxc4 44. Qb3# 1-0

[Event "XVII. DBMM Schach"]
[Site "Berlin"]
[Date "2017.11.02"]
[Round "2.3"]
[White "Werner, Gregor"]
[Black "Santos, Paulo"]
[Result "1-0"]
[WhiteElo "2128"]
[BlackElo "1817"]
[Annotator "br"]
[PlyCount "49"]
[EventDate "2017.??.??"]
[EventType "team-swiss"]
[EventRounds "7"]
[EventCountry "GER"]
[SourceTitle "XVII. DBMM 2017"]
[Source "FV Schach e.V."]
[SourceDate "2018.05.26"]
[SourceVersion "1"]
[SourceVersionDate "2018.05.26"]
[SourceQuality "1"]
[WhiteTeam "R+V Versicherung Wiesbaden"]
[BlackTeam "Europäisches Patentamt Muenchen"]
[WhiteTeamCountry "GER"]
[BlackTeamCountry "GER"]

1. d4 d5 2. Bf4 Nf6 3. e3 e6 4. c3 c6 5. Nd2 Be7 6. Bd3 O-O 7. Ngf3 Nbd7 8. Ne5
c5 9. Qf3 Re8 10. g4 g6 11. h4 Nxe5 12. dxe5 Nd7 13. g5 c4 14. Bc2 b5 15. h5
Kg7 16. O-O-O Bb7 17. Qg3 Nc5 18. hxg6 hxg6 19. Rh6 Nd3+ 20. Bxd3 cxd3 21. Qh4
Rg8 22. Nb3 b4 23. Rh7+ Kf8 24. Rh8 d4 25. Qh6+ 1-0

[Event "XVII. DBMM Schach"]
[Site "Berlin"]
[Date "2017.11.02"]
[Round "2.4"]
[White "Achermann, Didier"]
[Black "Launert, Martin"]
[Result "1/2-1/2"]
[WhiteElo "1811"]
[BlackElo "1879"]
[Annotator "br"]
[PlyCount "116"]
[EventDate "2017.??.??"]
[EventType "team-swiss"]
[EventRounds "7"]
[EventCountry "GER"]
[SourceTitle "XVII. DBMM 2017"]
[Source "FV Schach e.V."]
[SourceDate "2018.05.26"]
[SourceVersion "1"]
[SourceVersionDate "2018.05.26"]
[SourceQuality "1"]
[WhiteTeam "Europäisches Patentamt Muenchen"]
[BlackTeam "R+V Versicherung Wiesbaden"]
[WhiteTeamCountry "GER"]
[BlackTeamCountry "GER"]

1. e4 e5 2. Nf3 Nc6 3. Bb5 a6 4. Ba4 Nf6 5. O-O b5 6. Bb3 Be7 7. Re1 O-O 8. h3
d6 9. c3 Na5 10. Bc2 c5 11. d4 cxd4 12. cxd4 Qc7 13. Nc3 Bb7 14. d5 Rac8 15.
Bd3 Nc4 16. Ne2 Nb6 17. Ng3 Nbd7 18. Be3 Qd8 19. Rc1 Rxc1 20. Qxc1 Qa5 21. Bb1
Rc8 22. Qd2 Qxd2 23. Bxd2 g6 24. Rc1 Rxc1+ 25. Bxc1 Bd8 26. Be3 Bb6 27. Bxb6
Nxb6 28. Nd2 Na4 29. b4 Bc8 30. Ne2 Nh5 31. f3 f6 32. Bc2 Nb6 33. Kf2 Kf7 34.
h4 f5 35. g3 h6 36. Bb3 Nf6 37. Nc3 Ke7 38. Ke3 Bd7 39. Kf2 g5 40. hxg5 hxg5
41. exf5 Bxf5 42. Ke3 Bg6 43. Nde4 Bf7 44. Nxf6 Kxf6 45. Ne4+ Ke7 46. Nc3 Bg6
47. Ne4 Bf7 48. Nc3 Nd7 49. Ne4 Nf6 50. Nxf6 Kxf6 51. g4 Ke7 52. Ke4 Bg6+ 53.
Ke3 Kd8 54. Bd1 Kc7 55. Be2 Bb1 56. a3 Kd7 57. Bd3 Ba2 58. Be4 Ke7 1/2-1/2

[Event "XVII. DBMM Schach"]
[Site "Berlin"]
[Date "2017.11.02"]
[Round "2.1"]
[White "Blum, Norbert"]
[Black "Welke, Klaus"]
[Result "0-1"]
[WhiteElo "1995"]
[BlackElo "2169"]
[Annotator "br"]
[PlyCount "64"]
[EventDate "2017.??.??"]
[EventType "team-swiss"]
[EventRounds "7"]
[EventCountry "GER"]
[SourceTitle "XVII. DBMM 2017"]
[Source "FV Schach e.V."]
[SourceDate "2018.05.26"]
[SourceVersion "1"]
[SourceVersionDate "2018.05.26"]
[SourceQuality "1"]
[WhiteTeam "Sparkassen-Vers. Stuttgart"]
[BlackTeam "Deutsche Post Bonn II"]
[WhiteTeamCountry "GER"]
[BlackTeamCountry "GER"]

1. e4 e6 2. d4 d5 3. Nc3 dxe4 4. Nxe4 Nd7 5. Nf3 Ngf6 6. Nxf6+ Nxf6 7. c3 h6 8.
Ne5 c5 9. Bb5+ Bd7 10. Nxd7 Nxd7 11. Qf3 a6 12. Bxd7+ Qxd7 13. Be3 Rc8 14.
O-O-O c4 15. d5 e5 16. Rhe1 Bd6 17. Bf4 f6 18. Qh5+ Qf7 19. Qg4 Ke7 20. Be3
Rhe8 21. Bb6 Kf8 22. g3 Kg8 23. Qh4 Qd7 24. Re4 Bc5 25. Bxc5 Rxc5 26. Rxc4 Rxd5
27. Rxd5 Qxd5 28. Qe4 Qd7 29. Rc5 Rd8 30. Qc2 b6 31. Rc4 Qd5 32. Re4 Qxa2 0-1